<?xml version='1.0' encoding='UTF-8'?>
  <record xmlns="http://www.loc.gov/MARC21/slim">
    <leader>00000cam a2200000 i 4500</leader>
    <controlfield tag="001">ocm63818379</controlfield>
    <controlfield tag="003">OCoLC</controlfield>
    <controlfield tag="005">20241228010902.6</controlfield>
    <controlfield tag="008">860204s1803    ne            000 0 dut d</controlfield>
    <datafield tag="040" ind1=" " ind2=" ">
      <subfield code="a">NLGGC</subfield>
      <subfield code="b">dut</subfield>
      <subfield code="e">fobidrtb</subfield>
      <subfield code="c">NLGGC</subfield>
      <subfield code="d">OCLCO</subfield>
      <subfield code="d">OCLCA</subfield>
      <subfield code="d">OCLCL</subfield>
      <subfield code="d">OCLCQ</subfield>
    </datafield>
    <datafield tag="029" ind1="0" ind2=" ">
      <subfield code="a">NLGGC</subfield>
      <subfield code="b">86076110X</subfield>
    </datafield>
    <datafield tag="035" ind1=" " ind2=" ">
      <subfield code="a">(OCoLC)63818379</subfield>
    </datafield>
    <datafield tag="100" ind1="1" ind2=" ">
      <subfield code="a">Themmen, P.H.</subfield>
      <subfield code="q">(Phoebus Hitzerus),</subfield>
      <subfield code="d">1757-1830.</subfield>
      <subfield code="1">https://id.oclc.org/worldcat/entity/E39PCjyYvhcrQt8DMq9MkP4pKb</subfield>
    </datafield>
    <datafield tag="245" ind1="1" ind2="0">
      <subfield code="a">Eenige aanmerkingen op de onlangs uitgegevene Waarnemingen van den heer J.E. Lijklama à Nijëholt, j.u. &amp; m. dr. te IJsselstein, wegens eene inënting der koe- en kinder-pokken in het zelfde kind /</subfield>
      <subfield code="c">P.H. Themmen.</subfield>
    </datafield>
    <datafield tag="246" ind1="3" ind2=" ">
      <subfield code="a">vergelyking van de natuurlyke kinderziekte, met de kinderziekte door inënting, en de inënting der koepokken ... zo voor byzondere persoonen, als voor de maatschappy in het algemeen</subfield>
    </datafield>
    <datafield tag="260" ind1=" " ind2=" ">
      <subfield code="a">Amsterdam :</subfield>
      <subfield code="b">P.J. Uilenbroek,</subfield>
      <subfield code="c">1803.</subfield>
    </datafield>
    <datafield tag="300" ind1=" " ind2=" ">
      <subfield code="c">8°</subfield>
    </datafield>
    <datafield tag="336" ind1=" " ind2=" ">
      <subfield code="a">tekst</subfield>
      <subfield code="b">txt</subfield>
      <subfield code="2">rdacontent/dut</subfield>
    </datafield>
    <datafield tag="337" ind1=" " ind2=" ">
      <subfield code="a">zonder medium</subfield>
      <subfield code="b">n</subfield>
      <subfield code="2">rdamedia/dut</subfield>
    </datafield>
    <datafield tag="338" ind1=" " ind2=" ">
      <subfield code="a">band</subfield>
      <subfield code="b">nc</subfield>
      <subfield code="2">rdacarrier/dut</subfield>
    </datafield>
    <datafield tag="510" ind1="0" ind2=" ">
      <subfield code="a">Saakes 3 (1803),</subfield>
      <subfield code="c">p. 422</subfield>
    </datafield>
    <datafield tag="530" ind1=" " ind2=" ">
      <subfield code="a">Titel is geselecteerd voor digitalisering voor de Universiteit van Amsterdam in het kader van het Google Books-project.</subfield>
    </datafield>
    <datafield tag="600" ind1="1" ind2="4">
      <subfield code="a">Lycklama à Nijeholt, Jacob Egbert,</subfield>
      <subfield code="d">1742-1810.</subfield>
      <subfield code="0">(NL-LeOCL)071558071</subfield>
    </datafield>
    <datafield tag="710" ind1="0" ind2=" ">
      <subfield code="a">Uylenbroek, Pieter Johannes (Amsterdam)</subfield>
      <subfield code="4">prt</subfield>
      <subfield code="0">(NL-LeOCL)077131894</subfield>
    </datafield>
    <datafield tag="776" ind1="0" ind2=" ">
      <subfield code="t">Eenige aanmerkingen op de onlangs uitgegevene Waarnemingen van den heer J.E. Lijklama à Nijëholt, j.u. &amp; m. dr. te IJsselstein, wegens eene inënting der koe- en kinder-pokken in het zelfde kind</subfield>
      <subfield code="w">(NL-LeOCL)397008090</subfield>
    </datafield>
    <datafield tag="936" ind1=" " ind2=" ">
      <subfield code="a">BATCHLOAD</subfield>
    </datafield>
  </record>